000 00391nam a22001571c 4500
001 a01432
008 051003s1990 gw |||| 000u eng d
041 _aeng
100 1 _aRaeff, Marc
245 0 0 _aRussia Abroad :
_bA Cultural History of the Russian Emigration, 1919-1939
264 _aOxford,
_c1990
300 _a239 S. Oln.
942 _cMG
040 _cRU-10907106
003 RU-10907106
999 _c9406
_d9406